تخطي إلى المحتوى

Наука, религия, культура в постсекулярном мире: феномен квазиобразований: материалы Всероссийской научно-практической конференции (Ростов-на-Дону, 22–23 марта 2018 г.) материалы конференций

В сборнике представлены доклады участников всероссийской научно-практической конференции «Наука, религия, культура в постсекулярном мире: феномен квазиобразований», организованной в Институте философии и социально-политических наук Южного федерального университета и посвящённой проблемам демаркации...

وصف كامل

محفوظ في:
التفاصيل البيبلوغرافية
التنسيق: Книга
الوصول للمادة أونلاين:https://biblioclub.ru/index.php?page=book&id=495821
https://doi.org/10.23681/495821
الوسوم: إضافة وسم
لا توجد وسوم, كن أول من يضع وسما على هذه التسجيلة!
LEADER 03049nam a2200277 4500
001 BIBLIOCLUB\0000495821
005 20250903113719.0
010 |a 978-5-4475-9775-7 
100 |a 20250623j2018 u u0rusy0189 ca 
101 0 |a rus 
102 |a RU 
105 |a y ||||000yy 
200 1 |a Наука, религия, культура в постсекулярном мире: феномен квазиобразований: материалы Всероссийской научно-практической конференции (Ростов-на-Дону, 22–23 марта 2018 г.)  |e материалы конференций  |g под общ. ред. С. Н. Астапов 
210 |a Москва, Берлин  |c Директ-Медиа  |d 2018 
215 |a 204 с. 
320 |a Библиогр. в кн 
330 |a В сборнике представлены доклады участников всероссийской научно-практической конференции «Наука, религия, культура в постсекулярном мире: феномен квазиобразований», организованной в Институте философии и социально-политических наук Южного федерального университета и посвящённой проблемам демаркации науки и квазинаучных построений и идей, религий и квазирелигий, искусства и псевдоискусства, культурной деятельности и социокультурной мимикрии. В докладах представлены взгляды исследователей на особенности лженаучных и квазинаучных построений, современные практики противодействия лженауке и квазинауке, а также на феномены квазирелигий и культурных квазиобразований в современном мире.Текст приводится в авторской редакции. 
337 |a Режим доступа: электронная библиотечная система «Университетская библиотека ONLINE», требуется авторизация  |u https://biblioclub.ru/index.php?page=book&id=495821 
371 |a 20.11.2065 
675 |a 001.8  |z rus 
686 |a 72я43  |v LBC/PL  |2 rubbk 
801 0 |a RU  |b Директ-Медиа  |c 20250903 
801 1 |a RU  |b Директ-Медиа  |c 20250903 
856 4 |u https://biblioclub.ru/index.php?page=book&id=495821  |a Режим доступа: электронная библиотечная система «Университетская библиотека ONLINE», требуется авторизация 
856 4 |u https://doi.org/10.23681/495821 
900 |a https://img.biblioclub.ru/sm_cover/e121799270262eb9fca0734a3f5005b3fxnsvi4syx/cover.jpg